00418nam a22001577a 450000500170000001000150001702000260003203500130005803700130007108200080008410000160009224500530010826000350016127000430019630000210023920140630152308.0 aENG-110111 a9789350481851c300.00 aEN-93644 bDBAD/PUB a485 aSinha, N.C. aFundamentals of English grammar /cby N.C. Sinha aNew DelhibPrabhat Booksc2012 a4/19 Asaf Ali Road bNew Delhie110002 a223p. c22cm(Hb)